|
|
|
|
| LEADER |
00000nab a2200000 a 4500 |
| 001 |
vtls010570361 |
| 003 |
SK-MaSNL |
| 005 |
20260426093221.0 |
| 008 |
140117c2013 xo wrzp 0 0slo |
| 038 |
|
|
|a RVGKPD
|
| 040 |
|
|
|a RVGKPD
|b slo
|c RVGKPD
|e AACR2
|
| 041 |
0 |
|
|a slo
|
| 044 |
|
|
|a xo
|c SK
|
| 080 |
|
|
|a 784.66.071.2
|x (437.6)
|2 1997
|
| 100 |
1 |
|
|a Kollárik, Erik
|4 aut
|9 44890
|
| 245 |
1 |
0 |
|a Iná kultúra
|b štedré slovenské Vianoce sú anglickému partnerovi Jany Kirschner proti srsti
|c Erik Kollárik
|
| 300 |
|
|
|b Fotogr.
|
| 600 |
1 |
7 |
|a Kirschner, Jana,
|d 1978-
|2 rvgkpd
|9 111011
|
| 650 |
0 |
7 |
|a populárna hudba
|2 rvgkpd
|9 3428
|
| 650 |
0 |
7 |
|a rodáci
|2 snkbucl
|9 30842
|
| 651 |
|
7 |
|a Martin (Slovensko)
|2 snkbucl
|9 16875
|
| 773 |
0 |
|
|t Plus 7 dní
|g Roč. XXIII, č. 51-52 (2013), s. 36-38
|x 1210-4040
|
| 852 |
|
|
|a RVGKPD
|b KIS3G
|
| 856 |
4 |
1 |
|u http://www.pluska.sk/soubiznis/domaci-soubiznis/ina-kultura-partner-spvacky-jany-kirschner-neoblubuje-slovenske-vianoce.html
|
| 958 |
|
|
|a BX
|
| 958 |
|
|
|a SK
|
| 992 |
|
|
|a RBX
|
| 999 |
|
|
|c 3093713
|d 3095643
|